书目信息 |
| 题名: |
IEEE 计算机先驱奖1998-2000
|
|
| 作者: | 崔林 , 吴鹤龄 主编 | |
| 分册: | ||
| 出版信息: | 北京 高等教育出版社 2002.03 |
|
| 页数: | 456页 | |
| 开本: | 20cm | |
| 丛书名: | ||
| 单 册: | ||
| 中图分类: | TP3-091 | |
| 科图分类: | ||
| 主题词: | 计算技术 , 电子计算机 | |
| 电子资源: | ||
| ISBN: | 7-04-010664-7 | |
| 000 | 00772nam0 2200229 450 | |
| 001 | 0537877932 | |
| 005 | 20050331103117.05 | |
| 010 | @a7-04-010664-7@dCNY 23.00 | |
| 100 | @a20050331d2002 km y0chiy0120 ea | |
| 101 | 0 | @achi |
| 102 | @aCN@b110000 | |
| 200 | 1 | @aIEEE 计算机先驱奖1998-2000@AIEEE ji suan ji xian qu jiang 1998-2000@e计算机科学与技术中的发明史@f崔林,吴鹤龄主编@Fcui lin,wu he ling zhu bian |
| 210 | @a北京@c高等教育出版社@d2002.03 | |
| 215 | @a456页@d20cm | |
| 517 | 1 | @a计算机科学与技术中的发明史@Aji suan ji ke xue yu ji shu zhong de fa ming shi |
| 606 | 0 | @a计算技术 |
| 606 | 0 | @a电子计算机 |
| 690 | @aTP3-091@v4 | |
| 701 | 0 | @a崔林@Acui lin@4主编 |
| 701 | 0 | @a吴鹤龄@Awu he ling@4主编 |
| 801 | 0 | @aCN@bPFT@c20050331 |
| 905 | @a10447@dTP3-091@eC971 | |
| IEEE 计算机先驱奖1998-2000:计算机科学与技术中的发明史/崔林,吴鹤龄主编.-北京:高等教育出版社,2002.03 |
| 456页;20cm |
| ISBN 7-04-010664-7:CNY 23.00 |
| ● |
| 相关链接 |
|
|
|
正题名:IEEE 计算机先驱奖1998-2000
索取号:TP3-091/C971
 
预约/预借
| 序号 | 登录号 | 条形码 | 馆藏地/架位号 | 状态 | 备注 |
| 1 | 440680 | 204406801 | 自科二线404/404自科库 19排1列1层/ [索取号:TP3-091/C971] | 在馆 | |
| 2 | 440681 | 204406810 | 自科库301/301自科库 44排6列4层/ [索取号:TP3-091/C971] | 在馆 | |
| 3 | 440682 | 204406829 | 自科库301/301自科库 44排6列4层/ [索取号:TP3-091/C971] | 在馆 |